| 000 | 00882nam a22002057a 4500 | ||
|---|---|---|---|
| 999 |
_c19464 _d19464 |
||
| 003 | AR-CdUCM | ||
| 008 | 190517b ||||| |||| 00| 0 spa d | ||
| 040 |
_aMUNICIPALIDAD PROVINCIAL DEL CUSCO _cBIBLIOTECA MUNICIPAL DEL CUSCO |
||
| 082 |
_a869.56 / _bY81 |
||
| 100 |
_aYauri Montero, Marcos _96038 |
||
| 245 | _aTiempos de rosas y de sonrisas / | ||
| 260 |
_aLima : _bUltra, _c1971. |
||
| 300 |
_a186 páginas ; _c18 cm. |
||
| 505 | _aContenido: Tiempo de dolor y de muerte -- Testimonio del cataclismo ocurrido en la zona norte del Perú el 31 de mayo de 1970, a las 3 y 25 de la tarde, y de las experiencias y demás circunstancias desgarrantes, derivadas a raíz de su brutal estallido, narrados por un sobreviviente de Huaras ... | ||
| 650 |
_aLiteratura _983 |
||
| 650 |
_aPeruana _925277 |
||
| 650 |
_aSiglo XX _98 |
||
| 942 |
_2ddc _cLIBROS |
||
| 945 |
_arah _d2019-05-17 |
||